01713nam a22001577a 4500003000900000005001700009008004100026040001300067100003700080245005900117250001100176260008100187300001900268490008300287520118500370IT-RoPau20220918181105.0130509b xxu||||| |||| 00| 0 eng d cIT-RoPau aCentro di Spiritualità Paolina aLa Famiglia Paolina sul cammino di una parola di Dio. a1° ed aAriccia (Roma)bCentro di Spiritualità Paolina - Casa Divino Maestroc1973 a128 pp.c28 cm aPunti di riferimento della nostra vita spiritualevIII° Vol - novembre 1973 aIndice Introduzione - "Via-verità-vita": inutile rompicapo o contenuto vocazionale della famiglia Paolina? - Fonti e Sigle Capitolo primo: - Giovanni XIV, 6 nel contesto dell'ultima cena secondo: - Lungo i tempi cristiani: appunti di riflessione sul Cristo via, verità e vita terzo: - Leone XIII: una proposta pastorale per il secolo ventesimo quarto: - L'inserimento di Don Alberione nella storia di Giovanni XIV, 6 quinto: - Una visione globale partendo dal Crsito via, verità e vita sesto: - Una Famiglia religiosa a disposizione de Crsito via, verità e vita settimo: - Ricerca di un metodo ottavo: - Riflesso fondamentale del Cristo via, verità e vita: lo sviluppo integrale della persona umana nono: - "Il frutto del nostro apostolato è proporzionato a questo: presentare Gesù Cristo via, verità e vita" decimo: - "Maestro: senso dell' intercambio con via-verità-vita" decimo primo: - Maria: "ci diede tutto il Cristo, via, verità e vita" decimo secondo: - "Via-verità-vita: è spirito paolino? decimo terzo: - Questa spiritualità vale per la chiesa? Conclusione: - Appendice: - Studio sull'interpretazione di Giovanni XIV, 6, di don Mike Byrnes